| 000 | 00712cam a2200205 4500 | ||
|---|---|---|---|
| 001 | WB3713-05 | ||
| 008 | 000000n2001 000 0 eng u | ||
| 035 | _a(Sirsi) u111715 | ||
| 245 | _aShopping returns to town centres | ||
| 260 | _c2001 | ||
| 490 |
_aDETR Press Release _v (183) 28 March 2001, (3) |
||
| 520 | _aThe latest figures on new shopping centres shows that PPG6 is working. There is strong evidence that shopping development is returning to town centres. | ||
| 590 | _aWB | ||
| 650 | _aPLANNING POLICY GUIDANCE NOTE SIX | ||
| 650 | _aSHOPPING DEVELOPMENT | ||
| 650 | _aTOWN CENTRES | ||
| 650 | _aSHOPPING FLOORSPACE | ||
| 690 | _aPROPERTY-COMMERCIAL PROPERTY-RETAIL PROPERTY | ||
| 942 | _n0 | ||
| 999 |
_c66556 _d66556 |
||